书目信息 |
| 题名: |
工程电磁场导论
|
|
| 作者: | 冯慈璋 , 马西奎 主编 | |
| 分册: | ||
| 出版信息: | 北京 高等教育出版社 2000 |
|
| 页数: | 357页 | |
| 开本: | 23cm | |
| 丛书名: | ||
| 单 册: | ||
| 中图分类: | O441.4 | |
| 科图分类: | ||
| 主题词: | 电磁场--高等学校--教材 | |
| 电子资源: | ||
| ISBN: | 7-04-007988-7 | |
| 000 | 01044n|m0 2200277 450 | |
| 001 | 0102588596 | |
| 005 | 20121109170000.0 | |
| 010 | @a7-04-007988-7@dCNY39.90 | |
| 011 | @a7-04-007988-7 | |
| 100 | @a20021005d2000 emky0chiy0110 ea | |
| 101 | 0 | @achi |
| 102 | @aCN@b110000 | |
| 105 | @ay zq 000yy | |
| 135 | @adrbn ---auuuu | |
| 200 | 1 | @a工程电磁场导论@9Gong Cheng Dian Ci Chang Dao Lun @f冯慈璋,马西奎主编@b电子资源.图书 |
| 210 | @a北京@c高等教育出版社@d2000 | |
| 215 | @a357页@d23cm | |
| 325 | @a电子复制品 | |
| 330 | @a本书较好地处理了与物理学中电磁学相衔接的内容。删去了狭义相对论和各向异性媒质中电磁场的内容,增加了准静态电磁场和波导与谐振腔的相应内容,适当拓展了强电专业的电磁场知识范围。书中突出了电磁场理论在工程实际中的应用。 | |
| 510 | 1 | @aAn introduction to engineering electromagnetic fields@zeng |
| 606 | 0 | @a电磁场@x高等学校@x教材 |
| 690 | @aO441.4@v4 | |
| 701 | 0 | @a冯慈璋@9feng ci zhang@4主编 |
| 701 | 0 | @a马西奎@f(1958~)@9ma xi kui@4主编 |
| 801 | 0 | @aCN@bAZmarc@c20230903 |
| 905 | @dO44@e4@f3@sO44/4@aBZT | |
| 工程电磁场导论/冯慈璋,马西奎主编[电子资源.图书].-北京:高等教育出版社,2000 |
| 357页;23cm |
| ISBN 7-04-007988-7:CNY39.90 |
| 本书较好地处理了与物理学中电磁学相衔接的内容。删去了狭义相对论和各向异性媒质中电磁场的内容,增加了准静态电磁场和波导与谐振腔的相应内容,适当拓展了强电专业的电磁场知识范围。书中突出了电磁场理论在工程实际中的应用。 |
| ● |
| 相关链接 |
|
|
|
正题名:工程电磁场导论
索取号:O44/4
 
预约/预借
| 序号 | 登录号 | 条形码 | 馆藏地/架位号 | 状态 | 备注 |
| 1 | 2000000841 | 2000000841 | 旧书回溯/ [索取号:O44/4] | 在馆 | |
| 2 | 2000004170 | 2000004170 | 旧书回溯/ [索取号:O44/4] | 在馆 | |
| 3 | 2000009998 | 2000009998 | 旧书回溯/ [索取号:O44/4] | 在馆 |